| 000 -LEADER |
| fixed length control field |
00940cam a22002414a 4500 |
| 001 - CONTROL NUMBER |
| control field |
16988301 |
| 005 - DATE AND TIME OF LATEST TRANSACTION |
| control field |
20221114122554.0 |
| 008 - FIXED-LENGTH DATA ELEMENTS--GENERAL INFORMATION |
| fixed length control field |
111004s2012 maua b 001 0 eng |
| 020 ## - INTERNATIONAL STANDARD BOOK NUMBER |
| International Standard Book Number |
9780123838728x |
| 041 ## - LANGUAGE CODE |
| Language code of text/sound track or separate title |
eng |
| 080 ## - UNIVERSAL DECIMAL CLASSIFICATION NUMBER |
| Universal Decimal Classification number |
004.2 H-54 |
| 100 1# - MAIN ENTRY--PERSONAL NAME |
| Personal name |
Hennessy, John L. |
| 9 (RLIN) |
12340 |
| 245 10 - TITLE STATEMENT |
| Title |
Computer architecture : |
| Remainder of title |
a quantitative approach / |
| Statement of responsibility, etc. |
John L. Hennessy, David A. Patterson ; with contributions by Krste Asanović ́... [et al.]. |
| 250 ## - EDITION STATEMENT |
| Edition statement |
5th ed. |
| 264 ## - PRODUCTION, PUBLICATION, DISTRIBUTION, MANUFACTURE, AND COPYRIGHT NOTICE |
| Place of production, publication, distribution, manufacture |
Waltham, MA : |
| Name of producer, publisher, distributor, manufacturer |
Morgan Kaufmann/Elsevier, |
| Date of production, publication, distribution, manufacture, or copyright notice |
2012. |
| 300 ## - PHYSICAL DESCRIPTION |
| Extent |
493, [325] p. : |
| Other physical details |
ill. ; |
| Dimensions |
24 cm. |
| 653 ## - INDEX TERM--UNCONTROLLED |
| keyword |
Computer Architecture A Quantitative Approach |
| 653 ## - INDEX TERM--UNCONTROLLED |
| keyword |
საინფორმაციო ტექნოლოგიები |
| 653 ## - INDEX TERM--UNCONTROLLED |
| keyword |
Информационные технологии |
| 700 1# - ADDED ENTRY--PERSONAL NAME |
| Personal name |
Patterson, David A. |
| 9 (RLIN) |
12342 |
| Relator term |
ავტორი |
| 700 1# - ADDED ENTRY--PERSONAL NAME |
| Personal name |
Asanović, Krste. |
| 9 (RLIN) |
12343 |
| Relator term |
ავტორი |
| 942 ## - ADDED ENTRY ELEMENTS (KOHA) |
| Source of classification or shelving scheme |
|
| Koha item type |
წიგნი |